| 000 | 00267 a2200073 4500 | ||
|---|---|---|---|
| 245 | 0 |
_aUkład łączności i sygnalizacji między aparatownią radiowęzła z wydzielonym studiem / _c. |
|
| 710 | 2 |
_aInstytut Łączności. _eWydawca _4pbl |
|
| 260 |
_aWarszawa : _bIŁ, _c1957. |
||
| 300 |
_a3 s.; _c34 cm. |
||
| 999 |
_c16831 _d16831 |
||